000 00475nam a2200181Ia 4500
008 100917s9999 xx 000 0 und d
082 _b10229
100 _aसाठे शं. गो.
245 _aपहाटेची चाहूल
260 _b---
300 _a97
365 _b2
520 _aनाटक
630 _aपहाटेची चाहूल
650 _aनाटक
730 _aपहाटेची चाहूल
942 _cBOOK
999 _c615623
_d615620